Evaluación hidráulica de los sistemas de riego por goteo de las parcelas administradas por la empresa La Unión SA. Quezalguaque, León
El presente trabajo tiene como objetivo presentar la evaluación hidráulica de los sistemas de riego por goteo de las parcelas administradas por la empresa La Unión SA. Quezalguaque, León, mediante el análisis de las características edafoclimaticas de la zona, determinar las necesidades hídric...
| Main Authors: | , , |
|---|---|
| Other Authors: | |
| Format: | Tesis Section = Libro |
| Language: | Undetermined Spanish |
| Published: |
Managua
UNI
2008
|
| Subjects: |
| LEADER | 01585nam a2200277Ia 4500 | ||
|---|---|---|---|
| 008 | 240830s9999 xx 000 0 und d | ||
| 040 | |a BIBLIOTECA-RUPAP Mon 627.52 D352 | ||
| 041 | |a spa | ||
| 082 | |a Mon 627.52 D352 | ||
| 100 | 1 | |a Delgadillo López, Anielka Dialá | |
| 100 | 1 | |b Díaz Ortega, Aracelys de los Ángeles | |
| 100 | 1 | |c Guzmán Salgado, Johnston Francisco | |
| 245 | 1 | 0 | |a Evaluación hidráulica de los sistemas de riego por goteo de las parcelas administradas por la empresa La Unión SA. Quezalguaque, León |
| 260 | |a Managua |b UNI |c 2008 | ||
| 300 | |a 151 p. :il. | ||
| 500 | |a Contiene: anexos. | ||
| 502 | |a Tesis (Ingeniero Agrícola)- UNI, 2008. | ||
| 520 | 3 | |a El presente trabajo tiene como objetivo presentar la evaluación hidráulica de los sistemas de riego por goteo de las parcelas administradas por la empresa La Unión SA. Quezalguaque, León, mediante el análisis de las características edafoclimaticas de la zona, determinar las necesidades hídricas de los cultivos del chiltoma, pepino y pipián, realizar una evaluación del eficiencia del riego por goteo existente en cada parcela, así como el rediseño de las parcelas que no cumplen con los parámetros establecidos en riego y la adecuación de la red de distribución para la implementación de fertirriego en las parcelas. | |
| 650 | 7 | |a HIDRAULICA – DISEÑO | |
| 650 | 7 | |b RIEGO – GOTEO | |
| 650 | 7 | |c AGUA – DISTRIBUCION | |
| 650 | 7 | |d DESARROLLO DE CULTIVOS | |
| 700 | 1 | |a Tutor: |b Morales Urbina, Israel | |
| 942 | |c BK |2 ddc | ||
| 991 | |a TESIS | ||
| 999 | |c 16202 | ||